=LDR 00000nam 2200000 4500 =001 NUTBA000000000004096 =005 20240801103423 =035 ##$$a 0010-091400000000129 =008 240801################g##########0#ind## =020 ##$$a 978-602-7139-84-3 =040 ##$$a NBPDMAT =082 ##$$a R.540.3 =090 ##$$a R.540.3 $b Fat k =100 ##$$a Fathah Dian Sari =245 1#$$a Kamus pintar kimia : $b Berisikan: rumus-rumus, istilah-istilah, penjelasan-penjelasan untuk: pelajar, mahasiswa, umum /$c Fathah Dian Sari, S. Si =260 ##$$a [s.l] :$b Pustaka Makmur,$c 2013 =300 ##$$a 289 hlm. ; $c 18 x 13 cm. =650 #4$$a Kimia - Kamus =084 ##$$a R.540.3 FAT k =250 ##$$a edisi lengkap =500 ##$$a Biografi; hlm. 290 =504 ##$$a Bibliografi; hlm.289 =990 ##$$a 21410072 =990 ##$$a 21410073 =990 ##$$a 21410074 =990 ##$$a 21410075 =990 ##$$a 21410076 =990 ##$$a 21410073 =990 ##$$a 21410072 =990 ##$$a 21410074 =990 ##$$a 21410075 =990 ##$$a 21410076 =990 ##$$a 21410072 =990 ##$$a 21410073 =990 ##$$a 21410074 =990 ##$$a 21410075 =990 ##$$a 21410076 =990 ##$$a 21410075 =990 ##$$a 21410072 =990 ##$$a 21410073 =990 ##$$a 21410074 =990 ##$$a 21410076 =990 ##$$a 21410074 =990 ##$$a 21410072 =990 ##$$a 21410073 =990 ##$$a 21410075 =990 ##$$a 21410076